Journal of Environmental Economics and Management <The> Official Journal of the Association of Environmental and Resource Economists
Salvato in:
| Natura: | Periodico |
|---|---|
| Lingua: | inglese |
| Pubblicazione: |
San Diego
Academic Press
|
| Tags: |
Nessun Tag, puoi essere il primo ad aggiungerne!!
|
MARC
| LEADER | 00000nas1a22000001 4500 | ||
|---|---|---|---|
| 001 | s120130 | ||
| 005 | 20250701092059.6 | ||
| 022 | |a 0095-0696 | ||
| 022 | |a 1096-0449 | ||
| 041 | 0 | |a eng | |
| 044 | |a US | ||
| 245 | 1 | 0 | |a Journal of Environmental Economics and Management |b <The> Official Journal of the Association of Environmental and Resource Economists |
| 264 | 1 | |a San Diego |b Academic Press | |